| 000 | 00493nam a22001817a 4500 | ||
|---|---|---|---|
| 003 | OSt | ||
| 005 | 20180116183028.0 | ||
| 008 | 151216b xxu||||| |||| 00| 0 eng d | ||
| 020 | _a01-410-94-1 | ||
| 040 | _c0 | ||
| 082 | _a174.4 LUM 1994 | ||
| 100 | _aKhan W M | ||
| 245 |
_aNESPAK’S PROJECT CONTROL SYSTEM _cKhan W M |
||
| 260 |
_aLajhore _bLahore University of Management Sciences _c1994 |
||
| 300 |
_a32 p. _bPapers |
||
| 440 | _aNESPAK’S PROJECT CONTROL SYSTEM | ||
| 942 |
_2ddc _cCS |
||
| 999 |
_c350875 _d350875 |
||